书目信息 |
| 题名: |
旋律史
|
|
| 作者: | 本采 著 | |
| 分册: | ||
| 出版信息: | 北京 人民音乐出版社 1983.7 |
|
| 页数: | 322页 | |
| 开本: | 20cm | |
| 丛书名: | ||
| 单 册: | ||
| 中图分类: | J612.2 | |
| 科图分类: | ||
| 主题词: | 音乐--技术--理论 , 音乐--技术--方法 | |
| 电子资源: | ||
| ISBN: | ||
| 000 | 00544nam0 2200205 45 | |
| 001 | 0312221749 | |
| 005 | 20040514090504.2 | |
| 010 | @dCNY1.80 | |
| 100 | @a20031222d1983 km y0chiy0120 ea | |
| 101 | @achi | |
| 105 | @a z 000yy | |
| 200 | 1 | @a旋律史@AXuan Lu Shi@f(匈)萨波奇·本采著@F(Xiong)Sa Bo Qi·Ben Cai Zhu |
| 210 | @a北京@c人民音乐出版社@d1983.7 | |
| 215 | @a322页@d20cm | |
| 606 | 0 | @a音乐@x技术@x理论 |
| 606 | 0 | @a音乐@x技术@x方法 |
| 690 | @aJ612.2@v3 | |
| 701 | 0 | @a本采@4著 |
| 801 | @aCN@bTSTCL@c20031222 | |
| 905 | @dJ612.2@e31 | |
| 旋律史/(匈)萨波奇·本采著.-北京:人民音乐出版社,1983.7 |
| 322页;20cm |
| ISBN :CNY1.80 |
| ● |
| 相关链接 |
|
|
|
|
正题名:旋律史
索取号:J612.2/31
 
预约/预借
| 序号 | 登录号 | 条形码 | 馆藏地/架位号 | 状态 | 备注 |
| 1 | 0107676 | 001700314 | 第一借阅区/ [索取号:J612.2/31] | 在馆 | |
| 2 | 0107677 | 000573677 | 第一样本阅览室/ [索取号:J612.2/31] | 在馆 |